Movies Quiz

Random Movies or Quote Quiz

Pick the Correct Movie Quote II Quiz Stats

 Plays Quiz Updated Feb 16, 2017

Support Sporcle.
Go Orange.
Score 0/15 Timer 05:00
3 Plays Today
Question Answer Wrong Answers
Which is the correct quote from A League of Their Own? There's no crying in baseball!
96.1%
There's no crying in football!
3.9%
Which is the correct quote from Jaws? You're gonna need a bigger boat.
95.6%
You're gonna need a bigger gun.
2.6%
Which is the correct quote from When Harry Met Sally...? I'll have what she's having.
94.9%
I'll have what he's having.
3.2%
Which is the correct quote from A Few Good Men? You can't handle the truth!
93.8%
You think you can handle the truth?
4.2%
Which is the correct quote from Casablanca? We'll always have Paris.
92.4%
We'll always have the past.
7%
Which is the correct quote from The Silence of the Lambs? A census taker once tried to test me. I ate his liver with some fava beans and a nice Chianti.
89.9%
A census taker once tried to test me. I ate his liver with some onions and a nice Chianti.
7.8%
Which is the correct quote from Network? I'm as mad as hell, and I'm not going to take this anymore!
87.3%
I'm as mad as hell, and I'm going to kill you!
10.8%
Which is the correct quote from The Adventures of Sherlock Holmes? Elementary, my dear Watson.
87.3%
Elementary, Dr. Watson.
12.5%
Which is the correct quote from Dead Poets Society? Carpe diem. Seize the day, boys. Make your lives extraordinary.
77.1%
Carpe diem. Seize the day, boys. Make your days extraordinary.
19.9%
Which is the correct quote from Dirty Harry? You've got to ask yourself one question: 'Do I feel lucky?' Well, do ya, punk?
77%
You need to ask yourself this question: 'Do I feel lucky?' Well, do ya, punk?
20.4%
Which is the correct quote from The Graduate? Plastics.
74.8%
Computers.
22.8%
Which is the correct quote from Wall Street? Greed, for lack of a better word, is good.
73.5%
Greed, for lack of a better word, is great.
23.6%
Which is the correct quote from Planet of the Apes? Take your stinking paws off me, you damned dirty ape.
73.4%
Take your damned paws off me, you dirty stinking ape.
24%
Which is the correct quote from Yankee Doodle Dandy? My mother thanks you. My father thanks you. My sister thanks you. And I thank you.
65.7%
My mother thanks you. My father thanks you. My sister thanks you. And I thank God for you.
31%
Which is the correct quote from The Treasure of the Sierra Madre? Badges? We ain't got no badges! We don't need no badges! I don't have to show you any stinking badges!
63.4%
Badges? You want to see our badges! We don't need no badges! I don't have to show you any stinking badges!
35.2%

You're not logged in!

Compare scores with friends on all Sporcle quizzes.
OR
Log In
Forgot?

From the Vault

Vincent Price's Thriller

by Derek

Original white boy rap a la Vincent Price
Remove Ads.
Support Sporcle.
Get the best of Sporcle when you Go Orange. This ad-free experience offers more features, more stats, and more fun while also helping to support Sporcle. Thank you for becoming a member.

Show Comments

Extras

Top Quizzes Today


Score Distribution

Your Account Isn't Verified!

In order to create a playlist on Sporcle, you need to verify the email address you used during registration. Go to your Sporcle Settings to finish the process.

Report this User

Report this user for behavior that violates our Community Guidelines.

Details: